| 000 | 00623nam a2200241Ia 4500 | ||
|---|---|---|---|
| 003 | OSt | ||
| 005 | 20220928124433.0 | ||
| 006 | a|||||r|||| 00| 0 | ||
| 007 | ta | ||
| 008 | 220927b |||||||| |||| 00| 0 eng d | ||
| 024 | _a1266 | ||
| 037 | _cTextual | ||
| 040 |
_aSDCL _cSDCL _beng |
||
| 041 |
_2eng _aeng |
||
| 082 | _aXOaW, P6 | ||
| 100 |
_aNurmi Hannu _9465219 |
||
| 245 | 0 | _aModels of political economy | |
| 260 |
_aNew York _b Routledge _c2006 |
||
| 300 |
_axvi,222p _ccm. |
||
| 650 |
_aPolitical Economy _9433908 |
||
| 942 |
_hXOaW, P6 _cTEXL _2CC |
||
| 999 |
_c778102 _d778102 |
||